| 000 | 00657nam a22001937a 4500 | ||
|---|---|---|---|
| 005 | 20250325163615.0 | ||
| 010 | _aENG-144208 | ||
| 020 |
_c495.00 _a9789391978839 |
||
| 035 | _aEN-127740 | ||
| 037 | _bDBAD | ||
| 082 |
_a005.74 _21 |
||
| 100 |
_aYadav, Deepti _979916 |
||
| 245 |
_aLearning Analytics: _bWhat ,Why and How -A Study/ _cDeepti Yadav |
||
| 250 | _a1 | ||
| 260 |
_aDelhi _bShipra Publications _c2025 |
||
| 270 |
_aLG 18-19, Pankaj Central Market, I. P. Ext. Patparganj, _bDelhi _e110092 _k91-11-22235152, 22236152 _k9650028065 _mwww.shiprapublications.com |
||
| 300 |
_avii,189p. _c23cm(pb) |
||
| 942 |
_2ddc _cEN _mYAD _h005.74 _e1 |
||
| 999 |
_c210500 _d210500 |
||